| 000 | 01132 a2200229 4500 | ||
|---|---|---|---|
| 005 | 20080908142859.0 | ||
| 008 | 080908t xxu||||| |||| 00| 0 hin d | ||
| 010 | _aHIN-79176 | ||
| 020 | _a400.00 | ||
| 035 | _aHN-51522 | ||
| 037 | _bD.B.Act / pub | ||
| 082 | _a910.01 | ||
| 100 | _aमाथुर, आर.एस. | ||
| 245 |
_aभौगोलिक विचारधाराएं _cआर.एस.माथुर |
||
| 246 |
_aBhogolic vichardharayen _bby Mathur. R. S. |
||
| 260 |
_aजयपुर _bयुनिवर्सिटी पब्लिकेशन्स _c2005 |
||
| 270 |
_aविश्ववाद्यालय प्रकाशन _bजयपुर _e302003 _k0141-2324264 |
||
| 300 |
_aii,184पृ _c22 सेमी (सजिल्द) |
||
| 700 | _aगुप्ता , जैनेन्द्र कुमार | ||
| 942 |
_adpl _cHN _k910.01 / माथुर _2ddc _h910.01 _mमाथुर |
||
| 999 |
_c1325 _d1325 |
||